000 00682nam a2200229Ia 4500
005 20250508164433.0
008 008 250505s9999 xx 000 0 eng d
020 _a978-0-7619-3560-5
037 _aTextual
040 _aFEDL
_beng
_cFEDL
041 _aeng
_2eng
084 _a155.45, HIN
_qFEDL
100 _aHinchcliffe Archie
_9408480
245 0 _aChildren with cerebral palsy: A manual for therapists, parents and community workers
250 _a2nd
260 _aNew Delhi, India
_bSage Publications
_c2007
300 _a257p.
365 _aINR
_b495
650 _aCerebral palsy
_9778158
942 _cTEXL
_h155.45, HIN
999 _c1389133
_d1389133